<?xml version="1.0" encoding="UTF-8"?><?xml-stylesheet type="text/xsl" href="static/style.xsl"?><OAI-PMH xmlns="http://www.openarchives.org/OAI/2.0/" xmlns:xsi="http://www.w3.org/2001/XMLSchema-instance" xsi:schemaLocation="http://www.openarchives.org/OAI/2.0/ http://www.openarchives.org/OAI/2.0/OAI-PMH.xsd"><responseDate>2026-04-17T06:27:20Z</responseDate><request verb="GetRecord" identifier="oai:www.recercat.cat:2117/399783" metadataPrefix="marc">https://recercat.cat/oai/request</request><GetRecord><record><header><identifier>oai:recercat.cat:2117/399783</identifier><datestamp>2025-07-17T16:53:30Z</datestamp><setSpec>com_2072_1033</setSpec><setSpec>col_2072_452951</setSpec></header><metadata><record xmlns="http://www.loc.gov/MARC21/slim" xmlns:dcterms="http://purl.org/dc/terms/" xmlns:xsi="http://www.w3.org/2001/XMLSchema-instance" xmlns:doc="http://www.lyncode.com/xoai" xsi:schemaLocation="http://www.loc.gov/MARC21/slim http://www.loc.gov/standards/marcxml/schema/MARC21slim.xsd">
   <leader>00925njm 22002777a 4500</leader>
   <datafield ind2=" " ind1=" " tag="042">
      <subfield code="a">dc</subfield>
   </datafield>
   <datafield ind2=" " ind1=" " tag="720">
      <subfield code="a">Talarn Cortina, Gerard</subfield>
      <subfield code="e">author</subfield>
   </datafield>
   <datafield ind2=" " ind1=" " tag="260">
      <subfield code="c">2023-07-21</subfield>
   </datafield>
   <datafield ind2=" " ind1=" " tag="520">
      <subfield code="a">Aquest projecte pretén fabricar una micro-vàlvula pneumàtica dissenyada i&#xd;
pensada per poder-la fabricar mitjançant tecnologia additiva amb impressió 3D.&#xd;
Aquesta vàlvula pot tenir una aplicació en el món sanitari com a part fonamental&#xd;
d’una pinça contra la incontinència urinària masculina. La fabricació consta de&#xd;
l’elaboració de totes les parts de la vàlvula (cambra, cavitats, cilindres, vàlvules&#xd;
antiretorn...) sense tenir en compte les peces comercials (gomes tòriques, molles&#xd;
i ràcords). El procés de fabricació seleccionat ha estat la impressió 3D utilitzant&#xd;
una impressora de resina SLA. D’aquesta manera, aquest projecte ha servit per&#xd;
crear la vàlvula en qüestió i analitzar i estudiar la estanqueïtat que té, havent estat&#xd;
fabricada mitjançant la fabricació amb impressió 3D.</subfield>
   </datafield>
   <datafield ind2=" " ind1=" " tag="520">
      <subfield code="a">This project aims to manufacture a pneumatic micro-valve designed and intended&#xd;
to be produced using additive technology with 3D printing. This valve can have an&#xd;
application in the healthcare field as a fundamental part of a clamp against male&#xd;
urinary incontinence. The manufacturing process involves the production of all&#xd;
valve parts (chamber, cavities, cylinders, check valves...) without considering&#xd;
commercial components (O-rings, springs, and fittings). The selected&#xd;
manufacturing process has been 3D printing using a SLA resin printer. Thus, the&#xd;
purpose of this project is to create the mentioned valve in order to analyse and&#xd;
study its tightness, having been manufactured through 3D printing.</subfield>
   </datafield>
   <datafield tag="653" ind2=" " ind1=" ">
      <subfield code="a">Àrees temàtiques de la UPC::Enginyeria mecànica::Mecànica de fluids::Oleohidràulica i pneumàtica</subfield>
   </datafield>
   <datafield tag="653" ind2=" " ind1=" ">
      <subfield code="a">Valves -- Design and construction</subfield>
   </datafield>
   <datafield tag="653" ind2=" " ind1=" ">
      <subfield code="a">Urinary incontinence</subfield>
   </datafield>
   <datafield tag="653" ind2=" " ind1=" ">
      <subfield code="a">Three-dimensional printing</subfield>
   </datafield>
   <datafield tag="653" ind2=" " ind1=" ">
      <subfield code="a">Vàlvula pneumàtica</subfield>
   </datafield>
   <datafield tag="653" ind2=" " ind1=" ">
      <subfield code="a">impressió en 3D</subfield>
   </datafield>
   <datafield tag="653" ind2=" " ind1=" ">
      <subfield code="a">Vàlvules -- Disseny i construcció</subfield>
   </datafield>
   <datafield tag="653" ind2=" " ind1=" ">
      <subfield code="a">Incontinència urinària</subfield>
   </datafield>
   <datafield tag="653" ind2=" " ind1=" ">
      <subfield code="a">Impressió 3D</subfield>
   </datafield>
   <datafield ind2="0" ind1="0" tag="245">
      <subfield code="a">Construcció, assaig i validació d'una micro-vàlvula pneumàtica manufacturada mitjançant tecnologia additiva</subfield>
   </datafield>
</record></metadata></record></GetRecord></OAI-PMH>